Сооружение компрессорных и нефтеперекачивающих станций магистральных трубопроводов

Λεπτομέρειες βιβλιογραφικής εγγραφής
Άλλοι συγγραφείς: Актабаев Э. В. Эдуард Валентинович, Атаев О. А. Олег Александрович, Куриц С. Я. Сергей Яковлевич, Рабинович В. С. Владимир Семенович, Флитман В. М. вадим Мойшевич
Γλώσσα:Ρωσικά
Έκδοση: Москва, Недра, 1979
Σειρά:Библиотека строителя магистральных трубопроводов
Θέματα:
Μορφή: MixedMaterials Βιβλίο
KOHA link:https://koha.lib.tpu.ru/cgi-bin/koha/opac-detail.pl?biblionumber=678202

MARC

LEADER 00000nam0a2200000 4500
001 678202
005 20250117100252.0
090 |a 678202 
100 |a 20250117d1979 km|y0rusy50 ca 
101 0 |a rus 
102 |a RU 
105 |a a z 001yy 
181 0 |a i   |b  e  
182 0 |a n 
183 0 |a nc  |2 RDAcarrier 
200 1 |a Сооружение компрессорных и нефтеперекачивающих станций магистральных трубопроводов  |f Э. В. Актабаев, О. А. Атаев, С. Я. Куриц [и др.] 
203 |a Текст  |b визуальный  |c непосредственный 
210 |a Москва  |c Недра  |d 1979 
215 |a 231 с.  |c ил. 
225 1 |a Библиотека строителя магистральных трубопроводов 
283 |a volume  |2 RDAcarrier 
320 |a Список литературы: с. 229 
606 1 |a Газопроводы магистральные  |x Компрессорное хозяйство  |9 33277 
606 1 |a Нефтепроводы магистральные  |x Компрессорное хозяйство  |9 64958 
610 1 |a горное дело 
610 1 |a перекачивающие станции 
610 1 |a строительство 
610 1 |a монтажные работы 
610 1 |a газотурбинные установки 
610 1 |a электрические двигатели 
610 1 |a редукторы 
610 1 |a насосы 
610 1 |a поршневые компрессоры 
610 1 |a технологическое оборудование 
610 1 |a электрические установки 
610 1 |a автоматизация 
610 1 |a контрольно-измерительные приборы 
610 1 |a техника безопасности 
675 |a 622.691.4  |v 4 
675 |a 622.692.4.05  |v 4 
701 1 |a Актабаев  |b Э. В.  |g Эдуард Валентинович 
701 1 |a Атаев  |b О. А.  |g Олег Александрович 
701 1 |a Куриц  |b С. Я.  |g Сергей Яковлевич 
701 1 |a Рабинович  |b В. С.  |g Владимир Семенович 
701 1 |a Флитман  |b В. М.  |g вадим Мойшевич 
801 0 |a RU  |b 63413507  |c 20250117 
830 |a Ретро2025Каталогизация Кузнецова 
850 |a 63413507 
942 |c BK